NUOVA ANTOLOGIA. MAGGIO GIUGNO 1881. II SERIE. VOL. XXVII. (Record n. 329120)
[ formato base ]
| 000 -LEADER | |
|---|---|
| fixed length control field | 01836nas a2200277Ia 4500 |
| 001 - CONTROL NUMBER | |
| control field | R050-S0528 |
| 003 - CONTROL NUMBER IDENTIFIER | |
| control field | IT-CnALBA |
| 008 - FIXED-LENGTH DATA ELEMENTS--GENERAL INFORMATION | |
| fixed length control field | 170116c99999999xx |||||||||||| ||und|| |
| 040 ## - CATALOGING SOURCE | |
| Original cataloging agency | IT-CnALBA |
| Transcribing agency | IT-CnALBA |
| 041 ## - LANGUAGE CODE | |
| Language code of text/sound track or separate title | ITALIANO |
| 999 ## - SYSTEM CONTROL NUMBERS (KOHA) | |
| Koha Dewey Subclass [OBSOLETE] | SI |
| 100 ## - MAIN ENTRY--PERSONAL NAME | |
| Personal name | METICA GIOVANNI |
| 210 ## - ABBREVIATED TITLE | |
| Abbreviated title | NUOVA ANTOLOGIA |
| 222 ## - KEY TITLE | |
| Key title | NUOVA ANTOLOGIA |
| 245 #0 - TITLE STATEMENT | |
| Title | NUOVA ANTOLOGIA. MAGGIO GIUGNO 1881. II SERIE. VOL. XXVII. |
| Remainder of title | RIVISTA DI LETTERE SCIENZE ARTI |
| 250 ## - EDITION STATEMENT | |
| Edition statement | 1a ed. |
| 260 ## - PUBLICATION, DISTRIBUTION, ETC. (IMPRINT) | |
| Place of publication, distribution, etc. | ROMA |
| Name of publisher, distributor, etc. | DIREZIONE NUOVA ANTOLOGIA |
| Date of publication, distribution, etc. | 1881 [1° Ed.:1881 - Ed.Ling.Originale: 1881] |
| 300 ## - PHYSICAL DESCRIPTION | |
| Extent | 727 p. |
| 310 ## - CURRENT PUBLICATION FREQUENCY | |
| Current publication frequency | VARIA |
| 362 ## - DATES OF PUBLICATION AND/OR SEQUENTIAL DESIGNATION | |
| Dates of publication and/or sequential designation | Fascicolo: 9-12 / (1881) |
| 500 ## - GENERAL NOTE | |
| General note | SAN FRANCESCO DANTE GIOTTO. PRIMI PASSI DI MAURIZIO BUFALINI. LE CINTE MURALI DI ROMA, QUARENGHI C. NONNO! RACCONTO, FARINA S. IL TEATRO DI GUERRA IN TUNUSIA, BARATIERI O. LA VITA DELLE BESTIE NEL PROVERBIO DEI GRECI E ROMANI, BONGHI. RASSEGNA LETTERATURE STRANIERE. RASSEGNA POLITICA. IL MINISTERO RINVIATO DAVANTI ALLA CAMERA. NECESSITÀ DELLA SOLUZIONE. NUOVO GIUDIZIO DELLA CAMERA. IL CONTEGNO DELLA FRANCIA VERSO IL BEY. ULTIMA NOTA DELLA POTENZA DELLA GRECIA. BOLLETTINO BIBLIOGRAFICO. |
| 501 ## - WITH NOTE | |
| With note | Società San Paolo EM - Piazza San Paolo, 14 - 12051 ALBA (CN) (non commercial uses only) ® Copyright 2017 |
| 520 ## - SUMMARY, ETC. | |
| Summary, etc. | SAN FRANCESCO DANTE GIOTTO. PRIMI PASSI DI MAURIZIO BUFALINI. LE CINTE MURALI DI ROMA, QUARENGHI C. NONNO! RACCONTO, FARINA S. IL TEATRO DI GUERRA IN TUNUSIA, BARATIERI O. LA VITA DELLE BESTIE NEL PROVERBIO DEI GRECI E ROMANI, BONGHI. RASSEGNA LETTERATURE STRANIERE. RASSEGNA POLITICA. IL MINISTERO RINVIATO DAVANTI ALLA CAMERA. NECESSITÀ DELLA SOLUZIONE. NUOVO GIUDIZIO DELLA CAMERA. IL CONTEGNO DELLA FRANCIA VERSO IL BEY. ULTIMA NOTA DELLA POTENZA DELLA GRECIA. BOLLETTINO BIBLIOGRAFICO. |
| 650 ## - SUBJECT ADDED ENTRY--TOPICAL TERM | |
| Topical term or geographic name as entry element | PERIODICI |
| 942 ## - ADDED ENTRY ELEMENTS (KOHA) | |
| Koha item type | RIVISTA |
| 957 ## - | |
| -- | 1 |
| 999 ## - SYSTEM CONTROL NUMBERS (KOHA) | |
| -- | 1 |
| Withdrawn status | Lost status | Damaged status | Not for loan | Home library | Current library | Date acquired | Total Checkouts | Full call number | Date last seen | Price effective from | Koha item type | Public note |
|---|---|---|---|---|---|---|---|---|---|---|---|---|
| Buone Condizioni | Not For Loan | ALBA - Biblioteca | ALBA - Biblioteca | 16/01/2017 | R050-S0528 | 16/01/2017 | 16/01/2017 | RIVISTA | (data import: 16 gennaio 2017) - By Epidotti, Vaglietti. |